Most Streamed Bad Bunny Songs - Statistics

General Stats
  • This quiz has been taken 133 times
  • The average score is 7 of 20
Answer Stats
# Streams Answer % Correct
4 1,772,771,402 Tití Me Preguntó
75%
1 2,255,796,224 DÁKITI
67%
2 2,143,116,487 LA CANCIÓN
56%
11 1,451,918,192 MIA
54%
12 1,371,764,482 Moscow Mule
52%
3 2,089,622,769 Me Porto Bonito
48%
5 1,754,744,055 I Like It
44%
7 1,649,369,421 Callaita
41%
6 1,713,345,959 Ojitos Lindos
32%
9 1,537,652,685 Yonaguni
29%
8 1,609,935,366 No Me Conoce - Remix
28%
16 1,102,225,458 La Santa
26%
15 1,112,485,001 PERRO NEGRO
26%
10 1,513,167,892 Efecto
24%
14 1,268,666,721 Te Boté - Remix
21%
17 1,096,752,450 LA NOCHE DE ANOCHE
19%
18 1,091,458,636 Vete
19%
20 1,081,852,584 Si Estuviésemos Juntos
9%
19 1,088,251,546 Soltera (Remix)
9%
13 1,335,968,239 un x100to
9%
No matching quizzes found
Score Distribution
Percent of People with Each Score
Percentile by Number Answered
Your Score History
You have not taken this quiz